00283nam a22001217a 4500003000400000005001700004008004100021040001400062100001900076245001700095260004100112300000800153OSt20231129053618.0231129b |||||||| |||| 00| 0 eng d csero soft aBangia, Dr.R.K aLaw Of Torts aAllahabad Law AgencybALA Allahabad  a680